| 000 | 00737nam a2200241 a 4500 | ||
|---|---|---|---|
| 008 | 970527s1997 m yxo a rc 0 slo c | ||
| 020 |
_a8096767801 _c100 |
||
| 040 |
_aSNK _bslo _cSNK _eAACR2 |
||
| 041 | 1 | _aslo | |
| 044 |
_axo _cSK |
||
| 080 | _a65.01:929 | ||
| 080 | _a929 | ||
| 245 | 1 | 0 |
_aProfily úspešných osobností. Slovensko 1997 _n1. diel |
| 260 |
_aKošice _bDonatus _c1997 |
||
| 300 |
_a174 s. _bfotogr. _c30 cm |
||
| 490 | 1 |
_aProfily / Donatus _v1 |
|
| 500 | _aFotogr. na tit. strane | ||
| 504 | _aRes. angl. a nem. | ||
| 650 | 0 | 7 |
_amanažment _xosobnosti významné _zSlovensko _xprofily _2SNK |
| 650 | 0 | 7 |
_aosobnosti významné _zSlovensko _xprofily _2SNK |
| 760 | 1 |
_tProfily _aDonatus (Košice, Slovensko) |
|
| 958 | _aAAU | ||
| 999 |
_c19879 _d19879 |
||